000 00891nam a22002537a 4500
005 20100716141745.0
008 100716t xxu||||| |||| 00| 0 eng d
010 _aENG-96412
020 _a9780070703322
_c255.00
020 _a0070703329
_c255.00
035 _aEN-79945
037 _bD.B.Act / Pub
040 _aDpl
_bEng
082 _a500
100 _aMalhotra, Stalin
245 _aTarget 2011 a complete refesher :
_cby Stalin Malhotra, Prem Dhawan [and] Satish Arora
_bscience for class X /
260 _aNew Delhi
_bTata McGraw-Hill Publishing
_c2010
270 _a7, West Patel Nagar
_bNew Delhi
_cDelhi
_e110008
300 _a582 p.
_c24 cm. (pbk)
700 _aDhawan, Prem
700 _aArora, Satish
942 _adpl
_cEN
_2ddc
_h500
_mMAL
999 _c37007
_d37007